UBT Library

The American Medical Association family medical guide / (Record no. 41989)

000 -LEADER
fixed length control field 00717cam a2200229 a 4500
001 - CONTROL NUMBER
control field 3485246
005 - DATE AND TIME OF LATEST TRANSACTION
control field 20180207044713.0
008 - FIXED-LENGTH DATA ELEMENTS--GENERAL INFORMATION
fixed length control field 940112s1994 nyua 001 0 eng
010 ## - LIBRARY OF CONGRESS CONTROL NUMBER
LC control number 94002116
020 ## - INTERNATIONAL STANDARD BOOK NUMBER
International Standard Book Number 0679412905 :
Terms of availability $35.00
040 ## - CATALOGING SOURCE
Original cataloging agency DLC
Transcribing agency DLC
Modifying agency DLC
041 ## - LANGUAGE CODE
Language code of text/sound track or separate title eng
080 ## - UNIVERSAL DECIMAL CLASSIFICATION NUMBER
Universal Decimal Classification number 616 JAM
082 00 - DEWEY DECIMAL CLASSIFICATION NUMBER
Classification number 616 JAM
Edition number 20
100 ## - Rafti
Rafti 3
101 ## - Shkurtesa
Shkurtesa SHM
245 04 - TITLE STATEMENT
Title The American Medical Association family medical guide /
Statement of responsibility, etc medical editor, Charles B. Clayman.
246 30 - VARYING FORM OF TITLE
Title proper/short title Family medical guide
906 ## - LOCAL DATA ELEMENT F, LDF (RLIN)
a 7
b cbc
c orignew
d 1
e ocip
f 19
g y-gencatlg
942 ## - ADDED ENTRY ELEMENTS (KOHA)
Source of classification or shelving scheme
Item type Books
Holdings
Withdrawn status Lost status Source of classification or shelving scheme Damaged status Not for loan Collection code Permanent location Current location Shelving location Date acquired Total Checkouts Full call number Barcode Date last seen Price effective from Koha item type
          Koleksioni i përgjithshem UBT - Lipjan UBT - Lipjan Koleksioni i përgjithshem 02/07/2018   616 JAM 002-2998961 02/07/2018 02/07/2018 Books
          Koleksioni i përgjithshem UBT - Lipjan UBT - Lipjan Koleksioni i përgjithshem 02/07/2018   616 JAM 002-2998985 02/07/2018 02/07/2018 Books
UBT Library © 2015-2024. All rights reserved University Education for Business and Technology